[Event "Petrov Memorial op"]
[Site "St Petersburg"]
[Date "1998.??.??"]
[Round "1"]
[White "Gerchikov, Alexandr"]
[Black "Bezgodov, Alexei"]
[Result "0-1"]
[WhiteElo "2310"]
[BlackElo "2520"]
[PlyCount "66"]
[EventDate "1998.02.??"]
[EventType "swiss"]
[EventRounds "9"]
[EventCountry "RUS"]
[SourceTitle "EXT 1999"]
[Source "ChessBase"]
[SourceDate "1998.11.16"]
[SourceVersion "1"]
[SourceVersionDate "1998.11.16"]
[SourceQuality "1"]

1. d4 d5 2. c4 e6 3. Nc3 c5 4. cxd5 exd5 5. Nf3 Nc6 6. g3 Nf6 7. Bg2 Be7 8. 0-0 0-0 9. dxc5 Bxc5 10. Bg5 d4 11. Ne4 Be7 12. Bxf6 Bxf6 13. Qd2 g6 14. Nxf6+ Qxf6 15. b4 a6 16. a4 Rd8 17. Rad1 Be6 18. Qb2 b5 19. e3 Bg4 20. Nxd4 Bxd1 21. Bxc6 Rac8 22. axb5 axb5 23. Bxb5 Bf3 24. Rc1 h5 25. Rc5 h4 26. Qc3 hxg3 27. hxg3 Qh8 28. Nxf3 Qxc3 29. Rxc3 Rxc3 30. Bf1 Rd1 31. Kg2 Rb1 32. b5 Rb2 33. Nd4 Rxe3 0-1

[Event "Petrov Memorial op"]
[Site "St Petersburg"]
[Date "1998.??.??"]
[Round "3"]
[White "Gerchikov, Alexandr"]
[Black "Totsky, Leonid"]
[Result "1/2-1/2"]
[WhiteElo "2310"]
[BlackElo "2490"]
[PlyCount "58"]
[EventDate "1998.02.??"]
[EventType "swiss"]
[EventRounds "9"]
[EventCountry "RUS"]
[SourceTitle "EXT 1999"]
[Source "ChessBase"]
[SourceDate "1998.11.16"]
[SourceVersion "1"]
[SourceVersionDate "1998.11.16"]
[SourceQuality "1"]

1. d4 e6 2. c4 Bb4+ 3. Bd2 Qe7 4. g3 Bxd2+ 5. Qxd2 d6 6. Nc3 c6 7. Bg2 Nh6 8. Nf3 0-0 9. 0-0 Na6 10. Rad1 f6 11. e4 e5 12. h3 Nf7 13. Rfe1 Be6 14. Bf1 Rad8 15. Qe3 Nb4 16. Rd2 c5 17. dxc5 dxc5 18. Nd5 Nxd5 19. cxd5 Bd7 20. d6 Qe6 21. Qxc5 Qxa2 22. Bc4 Qa4 23. b3 Qc6 24. Qxa7 Bxh3 25. Bd5 Qc3 26. Re3 Qc1+ 27. Re1 Qc3 28. Re3 Qc1+ 29. Re1 Qc3 1/2-1/2